Flag Ratios - Click Quiz - Statistics

General Stats
  • This quiz has been taken 50 times
  • The average score is 4 of 26
Answer Stats
Hint Answer % Correct
United States 10:19
46%
Switzerland 1:1
29%
Togo 1:φ
25%
El Salvador 189:335
25%
Japan 2:3
25%
Finland 11:18
21%
Paraguay 11:20
21%
Canada 1:2
21%
Monaco 4:5
21%
Qatar 11:28
17%
San Marino 3:4
17%
Germany 3:5
17%
Belgium 13:15
13%
Bolivia 15:22
13%
Nepal 50:41
13%
Iceland 18:25
8%
Vanuatu 19:36
8%
Denmark 28:37
8%
Mexico 4:7
8%
Albania 5:7
8%
Poland 5:8
8%
Niger 6:7
8%
Brazil 7:10
8%
Estonia 7:11
8%
Norway 8:11
8%
Cambodia 16:25
4%
No matching quizzes found
Score Distribution
Percent of People with Each Score
Percentile by Number Answered
Your Score History
You have not taken this quiz